000 00653nam a2200241Ia 4500
003 OSt
005 20221005073405.0
006 a|||||r|||| 00| 0
007 ta
008 221004b |||||||| |||| 00| 0 eng d
024 _a63631
037 _cTextual
040 _aCRL
_cCRL
_beng
041 _2eng
_aeng
082 _aV247,1xL92w, M8
100 _aBawa Satinder Singh
_9607965
245 0 _aJamma fox
_b A biography of Kashmir 1792-1857
260 _aNew Delhi
_bHeritage
_c1988
300 _a263p.
_ccm.
650 _aHISTORY
942 _hV247,1xL92w, M8
_cTEXL
_2cc
999 _c981064
_d981064